00731nam a2200241 a 450000100060000000300080000600500170001400800410003102000150007203500190008704000260010604100080013208200220014010000200016224501510018225000120033326000370034530000200038265000140040270000290041670000230044570000210046857629BD-RjUL20211209080533.0161211s1987 enk||||| |||| 00| 0 eng d a0205105351 a(BD-RjUL)57753 aBD-RjULbengcBD-RjUL aeng 223a301bRIS 19871 aRitzer, George 10aStudy guide for Sociology :bexperiencing a changing society/cGeorge Ritzer, Kenneth C. W. Kammeyer, Norman R. Yetman, Prepared by Jerry Shepperd a3rd ed. aLondon :bAllyn And Bacon,c1987 a236 p. ;c24 cm aSociology aKammeyer, Kenneth C. W.  aYetman, Norman R.  aShepperd, Jerry